000 00922nam a22002417a 4500
005 20240530110528.0
008 160313s2013 ua g b 000 0 ara d
017 _a2013/1602
_bمصر . دار الكتب المصرية
020 _a9789770528204
040 _aEG-CaGPL
082 0 4 _221
_a370.72\
_bف ق
100 0 _aفايز مراد مينا
245 1 0 _aقضايا و اراء فى البحث التربوى /
_cتاليف فايز مراد مينا
260 _aالقاهرة :
_bمكتبة الانجلو المصرية ،
_c2013 .
300 _a80 ص ؛
_c24 سم .
504 _aيشتمل على ارجاعات ببليوجرافية
650 0 4 _aالتعليم
_xبحوث
650 0 4 _aالتعليم
_xطرق قياس
650 0 4 _aالفروق الفردية فى التعليم
650 0 4 _aالتعليم
_xتخطيط
942 _2ddc
_cBK
999 _c62045
_d62045